000
002690000a22000970004500
100
1
_a
Houlden, J.L.
245
1
0
_a
Enlightenment, establishment and the word
300
_a
Núm 78 (2000), Páginas 67-82
773
0
_t
Journal for the Study of the New Testament
942
_c
ANA
999
_c
55959
_d
55959